00761 a2200193 4500003000500000005001700005040000900022082001200031100002700043245007400070260007200144300002600216505010400242600002700346650003300373942002100406999001900427952012100446NUST20230130132727.0 cNust a920,STR aStrover, C.H.,9108061 a"Prominent Men" :ba series of biographical sketches /cC. H. Strover aLahorebRAI Sahib M. Gulab Singh & Sons Educational Publisherc1936 a198 p.;billusc19 cm aStatesmen (Page-1), Seamen (Page-93), Philosophers (Page-113), Poet (Page-143), Doctor (Page-157). aStrover, C.H.,9108061 aLife of great peopel9108062 2ddccBKk920,STR c187141d187141 00102ddc4070aMCSbMCScGENd2016-12-12o920,STRpMCS29248r2016-12-08w2016-12-12yBKzAlmirah No.59, Shelf No.4